000
00257nam a22001217a 4500
008
170214b xxu||||| |||| 00| 0 eng d
041
_a
eng
080
_a
61
100
_a
4
101
_a
SHM
245
_a
FAMILY MEDICAL GUIDE
_c
COOLEY, D.G
942
_2
udc
_c
BK
999
_c
5348
_d
5348